Culture Générale - Série 1596 - Statistiques

Statistiques générales
  • Ce quiz a été pris 192 fois
  • Le résultat moyen est 6 sur 10
Statistiques - réponses
Question Réponse % Correct
Quelle principauté, située entre la France et l'Espagne, a été admise à l'O.N.U. en 1993 ? Andorre
97%
Quel adjectif, dérivé du nom du philosophe Descartes, désigne une personne rigoureuse et rationnelle ? cartésien
89%
Quel cinéaste a réalisé le film "E.T. l'extra-terrestre", sorti en 1982 ? Steven Spielberg
87%
En 2006, en Californie, à quel poste Arnold Schwarzenegger a-t-il été réélu ? Gouverneur
78%
Dans “Merci pour le chocolat” de Claude Chabrol, quelle actrice, prénommée Isabelle, met du somnifère dans le chocolat qu'elle sert le soir à son époux ? Isabelle Huppert
55%
Quel film a remporté l'Oscar des meilleurs effets visuels en 2010 ? Avatar
53%
Quel saint est le patron des boulangers ? Honoré
46%
En 1997, quel diplomate ghanéen est devenu secrétaire général de l'O.N.U. ? Kofi Annan
35%
Combien y a-t-il de "marches", selon le titre du film d'Alfred Hitchcock de 1935 ? 39
30%
Selon les paroles de la chanson de Desireless, qui "est mort en plein vol, un matin d'automne, près du Mékong" ? John
7%
Aucun quiz correspondant
Distribution des résultats
% des personnes avec chaque résultat
Percentile par nombre de réponses
Votre historique - résultats
Vous n’avez pas pris ce quiz